| 000 | 01417cam a22004097i 4500 | ||
|---|---|---|---|
| 001 | 3700 | ||
| 003 | FISKH | ||
| 005 | 20240422142624.0 | ||
| 008 | 160318s2011 ctua j 000 0 eng | ||
| 010 | _a 2011931112 | ||
| 020 | _a9781607273462 | ||
| 040 |
_aDLC _beng _erda _cDLC |
||
| 050 | 0 | 0 | _aPZ8.G1368 |
| 082 | _a438 | ||
| 100 | 1 |
_aGalvin, Laura Gates, _d1963- |
|
| 245 | 1 | 0 |
_aI Love My Daddy / _cWritten by Laura Gates Galvin ; With illustrations by Robert Hynes, Steven James Petruccio, Wendy Smith, Joel Snyder, Daniel J. Stegos and Beth Stover |
| 260 |
_aWashington : _bPalm Publishing, _c2011. |
||
| 300 |
_a16 unnumbered pages : _bcolor illustrations ; _c19 cm. |
||
| 336 |
_atext _btxt _2rdacontent |
||
| 337 |
_aunmediated _bn _2rdamedia |
||
| 338 |
_avolume _bnc _2rdacarrier |
||
| 490 | 0 | _aI Love My series | |
| 505 | _aE | ||
| 520 | _aDifferent animal youngsters tell why they love their mommies. | ||
| 521 | 8 |
_a180
_bLexile |
|
| 521 | 8 |
_aE
_bRaz-Plus |
|
| 650 | 0 |
_aFather and child _vJuvenile literature. |
|
| 700 | 1 |
_aHynes, Robert, _eillustrator |
|
| 700 | 1 |
_aPetruccio, Steven James _eillustrator |
|
| 700 | 1 |
_aWendy Smith, _eillustrator |
|
| 700 | 1 |
_aSnyder, Joel _eillustrator |
|
| 700 | 1 |
_aStegos, Daniel J. _eillustrator |
|
| 700 | 1 |
_aBeth Stover _eillustrator |
|
| 906 |
_a7 _bcbc _corignew _d4 _encip _f20 _gy-gencatlg |
||
| 942 |
_2ddc _cBK _n0 |
||
| 999 |
_c3700 _d3700 |
||